| 000 | 00368nam a2200109Ia 4500 | ||
|---|---|---|---|
| 008 | 171211s9999 xx 000 0 und d | ||
| 245 | _aWomen in Chemistry and Physics: A Biobibliographic Sourcebook | ||
| 245 | _cLouise S Grinstein, Miriam Rafailovich, and Rose K. Rose | ||
| 260 | _c1993 | ||
| 650 | _xBiography | ||
| 856 | _uhttp://down.ebook777.com/060/0313273820.pdf | ||
| 999 |
_c349939 _d349939 |
||